000 00368nam a2200133 a 4500
005 20140412111417.0
008 070807s19uu xx 00 eng d
020 _a0-382-21231-2
050 _aKIT 400
_bWOR 1990
245 _aWorld of language 2 :
_bParent letters.
260 _aU.S.A :
_bSilver Burdett Ginn,
_c1990.
440 _aWorld of language
999 _c105909
_d105909